[Event "COL-ch U16"]
[Site "Villavicencio"]
[Date "2022.05.14"]
[Round "7"]
[White "Socha, Juan Pablo"]
[Black "Zapata Montes, Tomas"]
[Result "1-0"]
[WhiteElo "1270"]
[BlackElo "1600"]
[PlyCount "50"]
[EventDate "2022.05.11"]
[EventType "swiss"]
[EventRounds "9"]
[EventCountry "COL"]
[SourceTitle "CBM 208 Extra"]
[Source "ChessBase"]
[SourceDate "2022.07.31"]
[SourceVersion "1"]
[SourceVersionDate "2022.07.31"]
[SourceQuality "1"]

1. e4 e5 2. Nf3 d6 3. c4 Be6 4. d4 f6 5. Be2 c6 6. Be3 Nd7 7. Nc3 Ne7 8. d5 cxd5 9. cxd5 Bg4 10. Rc1 f5 11. exf5 Nxf5 12. h3 Bxf3 13. Bxf3 Nxe3 14. fxe3 Qh4+ 15. Ke2 Nf6 16. Nb5 Rd8 17. Nc7+ Ke7 18. Ne6 Rd7 19. b3 e4 20. Bg4 Nxg4 21. hxg4 Qxg4+ 22. Kf1 Qxd1+ 23. Rxd1 g6 24. Rh4 h5 25. Rxe4 Bh6 1-0